000
00324nam a2200133Ia 4500
005
20251222155054.0
008
251222s9999||||xx |||||||||||||| ||spa||
082
_a
SIC. 06
100
_a
HURLOCK Elizabeth.
245
0
_a
Desarrollo del Niño - 6ta. Edición
250
_a
2da. ed.
264
_b
Mc.Graw Hill
942
_c
LIB
999
_c
37406
_d
37406